University Home | Library Home | Institutional Repository

Principles and practice of sleep medicine / (Record no. 216537)

MARC details
000 -LEADER
fixed length control field 01359nam a22002657a 4500
005 - DATE AND TIME OF LATEST TRANSACTION
control field 20260331150003.0
008 - FIXED-LENGTH DATA ELEMENTS--GENERAL INFORMATION
fixed length control field 260331b ||||| |||| 00| 0 eng d
020 ## - INTERNATIONAL STANDARD BOOK NUMBER
International Standard Book Number 0721676707
040 ## - CATALOGING SOURCE
Original cataloging agency LC
Transcribing agency UNZA
Description conventions RDA
050 ## - LIBRARY OF CONGRESS CALL NUMBER
Classification number RC 547
Item number PRI 2000
245 ## - TITLE STATEMENT
Title Principles and practice of sleep medicine /
Statement of responsibility, etc. edited by Meir H. Kriger, MD, FRCPC, Director Sleep Research, St. Boniface General Hospital Research Center, Professor of Medicine, University of Manitoba, Winnipeg, Manitoba, Canada; Thomas Roth, PhD, Head Division of Sleep Disorders Medicine, Henry Ford Hospital, Clinical Professor of Psychiatry, University of Michigan, Detroit , Michigan and William C. Dement, MD, PhD, Lowell W. and Josephine Q. Berry, Professor of Psychiatry and Behavioral Sciences and Director, Sleep Disorders Center, Stanford, Sleep Disorders Center, Stanford University School of Medicine, Stanford, California.
250 ## - EDITION STATEMENT
Edition statement Third edition.
260 ## - PUBLICATION, DISTRIBUTION, ETC.
Place of publication, distribution, etc. Philadelphia :
Name of publisher, distributor, etc. W.B. Saunders Company,
Date of publication, distribution, etc. 2000.
300 ## - PHYSICAL DESCRIPTION
Extent xxxiii, 1336 pages :
Other physical details illustrations.
336 ## - CONTENT TYPE
CONTENT TYPE Text
337 ## - MEDIA TYPE
MEDIA TYPE Unmediated
338 ## - CARRIER TYPE
CARRIER TYPE Volume
504 ## - BIBLIOGRAPHY, ETC. NOTE
Bibliography, etc. note Includes bibliographical references and index.
650 ## - SUBJECT ADDED ENTRY--TOPICAL TERM
Topical term or geographic name entry element Sleep disorders.
650 ## - SUBJECT ADDED ENTRY--TOPICAL TERM
Topical term or geographic name entry element Sleep.
700 ## - ADDED ENTRY--PERSONAL NAME
Personal name Kryger, Meir H.
Relator term editor
700 ## - ADDED ENTRY--PERSONAL NAME
Personal name Roth, Thomas
Relator term editor
700 ## - ADDED ENTRY--PERSONAL NAME
Personal name Dement, William C.
Relator term editor
999 ## -
-- 216537
-- 216537
942 ## - ADDED ENTRY ELEMENTS (KOHA)
Koha item type Book
Holdings
Withdrawn status Lost status Source of classification or shelving scheme Damaged status Not for loan Collection code Home library Current library Shelving location Date acquired Source of acquisition Total Checkouts Full call number Barcode Date last seen Copy number Cost, replacement price Price effective from Koha item type
    Library of Congress Classification     Non-fiction Medical Library Medical Library On Shelf 03/31/2026 Donation   RC 547 PRI 2000 33729000171202 03/31/2026 1 300.00 03/31/2026 Book
© 2026 - The University of Zambia Library - Koha v25.11